|
|
|
|
| LEADER |
00000nam0a2200000 4500 |
| 001 |
166720 |
| 005 |
20231101222636.0 |
| 010 |
|
|
|a 5990035918
|
| 035 |
|
|
|a (RuTPU)RU\TPU\book\180843
|
| 090 |
|
|
|a 166720
|
| 100 |
|
|
|a 20091006d2004 km y0rusy50 ca
|
| 101 |
0 |
|
|a rus
|
| 102 |
|
|
|a RU
|
| 105 |
|
|
|a y en 000zy
|
| 200 |
1 |
|
|a Таможенные режимы и специальные таможенные процедуры
|e комментарий к таможенному кодексу Российской Федерации и краткий словарь специальной терминологии
|f С. В. Халипов
|g Московский государственный университет им. М. В. Ломоносова (МГУ) ; Всероссийская академия внешней торговли (ВАВТ)
|
| 210 |
|
|
|a Москва
|c Таможня-ру
|d 2004
|
| 215 |
|
|
|a 320 с.
|
| 330 |
|
|
|a Комментарий подразделов 2, 3 раздела II Таможенного кодекса Российской Федерации представляет собой разъяснения порядка применения действующих таможенных режимов и специальных таможенных процедур. Рассматриваются общие условия и особенности таможенного оформления товаров, требования таможенного контроля, основания полного и частичного освобождения от уплаты таможенных пошлин, налогов. Освещаются возможности использования на территории Российской Федерации товаров и транспортных средств, выпущенных с предоставлением таможенных льгот. Дается анализ существующих вариантов изменения (завершения) таможенных режимов перемещения товаров. Комментарий предназначен для всех, кто интересуется вопросами перемещения товаров и транспортных средств через таможенную границу Российской Федерации. Материал также будет полезен для студентов, аспирантов и преподавателей, изучающих таможенные аспекты осуществления импортно-экспортных операций. Для удобства толкования отдельных слов и выражений предлагается словарь специальной терминологии.
|
| 606 |
1 |
|
|a Таможня
|x Экономика
|2 stltpush
|3 (RuTPU)RU\TPU\subj\37040
|9 58205
|
| 606 |
1 |
|
|a Таможенный кодекс
|2 stltpush
|3 (RuTPU)RU\TPU\subj\27841
|9 51530
|
| 610 |
1 |
|
|a таможенная деятельность
|
| 610 |
1 |
|
|a таможенные режимы
|
| 610 |
1 |
|
|a таможенная процедура
|
| 610 |
1 |
|
|a Российская Федерация
|
| 610 |
1 |
|
|a таможня
|
| 610 |
1 |
|
|a склады
|
| 610 |
1 |
|
|a свободные таможенные зоны
|
| 610 |
1 |
|
|a реимпорт
|
| 610 |
1 |
|
|a реэкспорт
|
| 610 |
1 |
|
|a уничтожение
|
| 610 |
1 |
|
|a беспошлинная торговля
|
| 610 |
1 |
|
|a перемещение
|
| 610 |
1 |
|
|a временный вывоз
|
| 686 |
|
|
|a У9(2)428
|v LBC/SL-A
|2 rubbk
|
| 686 |
|
|
|a Х621.143.1
|v LBC/SL-A
|2 rubbk
|
| 700 |
|
1 |
|a Халипов
|b С. В.
|
| 712 |
0 |
2 |
|a Московский государственный университет им. М. В. Ломоносова (МГУ)
|2 stltpush
|3 (RuTPU)RU\TPU\col\7
|
| 712 |
0 |
2 |
|a Всероссийская академия внешней торговли (ВАВТ)
|c (Москва)
|2 stltpush
|3 (RuTPU)RU\TPU\col\93
|
| 801 |
|
1 |
|a RU
|b 63413507
|c 20091006
|
| 801 |
|
2 |
|a RU
|b 63413507
|c 20150623
|g RCR
|
| 942 |
|
|
|c BK
|
| 959 |
|
|
|a 102/20091006
|d 10
|e 0
|f АНЛ:1
|f ЧЗГЛ:1
|f УФ:8
|